No pidas sardina fuera de temporada / (Registro nro. 9710)

Detalles MARC
000 -LIDER
fixed length control field 00971nam a2200337 i 4500
001 - NÚMERO DE CONTROL
Identificador de número de control 000035225
003 - IDENTIFICACDOR DE NÚMERO DE CONTROL
control field DO-SdBNP
005 - DATE AND TIME OF LATEST TRANSACTION
control field 20240124084759.0
007 - CAMPOS FIJOS DE DESCRIPCIÓN FÍSICA
fixed length control field 000035225
008 - ELEMENTOS DE LONGITUD FIJA
fixed length control field 890123s1999 sp spa
015 ## - NÚMERO DENTRO DE LA BIBLIOGRAFÍA NACIONAL
National bibliography number
017 ## - NÚMERO DE REGISTRO DE DERECHOS DE AUTOR
Copyright or legal deposit number
Assigning agency
020 ## - ISBN
International Standard Book Number 842044796X
035 ## - NÚMERO LOCAL
System control number
040 ## - FUENTE DE CATALOGACIÓN
Agencia que crea de manera original el registro BPMSU
Idioma de catalogación spa
Agencia que realiza la transcripción BPMSU
Convenciones de la despripción
082 #4 - NÚMERO DE CLASIFICACIÓN DECIMAL DE DEWEY
Classification number 863.6
Item number M379n 1999
Edition number 22
100 1# - ASIENTO PRINCIPAL -- NOMBRE PERSONAL
Nombre personal Martín, Andreu
Fechas asociadas con el nombre 1949-
245 10 - MENCIÓN DE TITULO
Título No pidas sardina fuera de temporada /
Mención de responsabilidad Andreu Martín, Jaume Ribera
Medio (Designación general de material)
260 ## - PUBLICACIÓN, DISTRIBUCIÓN, ETC. (PIE DE IMPRENTA)
Lugar de publicación, distribución, etc Madrid :
Nombre del editor, distribuidor, etc. Alfaguara,
Fecha de publicación, distribución, etc 1999
300 ## - DESCRIPCIÓN FÍSICA
Extensión 178 p. :
Dimensiones 22 cm
490 0# - MENCIÓN DE SERIES
Mención de serie Juvenil Alfaguara
500 ## - NOTA GENERAL
Nota general
534 ## - NOTA SOBRE LA VERSIÓN ORIGINAL
Asiento principal del original Títulos original :
Mención del título original No demanis llobarro fora de temporada
586 ## - AWARDS NOTE
Awards note Premio Nacional de Literatura Juvenil
590 ## - NOTA LOCAL
Texto de la nota local Inventariado, 2024/VM
650 #4 - ENCABEZAMIENTO DE MATERIA--TEMÁTICO
Término temático o nombre geográfico como elemento de entrada Novela juvenil española
650 #4 - ENCABEZAMIENTO DE MATERIA--TEMÁTICO
Término temático o nombre geográfico como elemento de entrada Literatura juvenil española
700 1# - ASIENTO SECUNDARIO -- NOMBRE PERSONAL
Nombre personal Ribera, Jaume
Fechas asociadas con el nombre 1953-
910 ## - VALIDACIÓN
Validación VMateo V. Control de calidad. BPMSU
942 ## - ADDED ENTRY ELEMENTS (KOHA)
Source of classification or shelving scheme Dewey Decimal Classification
Koha item type Libros
Existencias
Withdrawn status Lost status Source of classification or shelving scheme Damaged status Not for loan Collection code Home library Current library Date acquired Source of acquisition Total Checkouts Full call number Barcode Date last seen Price effective from Koha item type
    Dewey Decimal Classification     Colección Juvenil General Biblioteca Pública Metropolitana Salomé Ureña Biblioteca Pública Metropolitana Salomé Ureña 04/12/2016 FUNDI   BPMSU CJG 863.6 M379n 1999 BPMSU16040357 04/12/2016 04/12/2016 Libros